000
00282nam a2200121Ia 4500
008
170620s9999 xx 000 0 und d
100
_a
KHAR - NAND
245
0
_a
PHARMACEUTICAL DISPENSING
260
_b
CBS DELHI
260
_c
2005
300
_a
200
546
_a
English
690
_a
PHARMACEUTICAL DISPENSING
999
_c
30664
_d
30664